000 00888nam a22002177a 4500
008 230622s2022 xxk|||||o|||| 00| 0 eng d
041 _aeng
110 _aRoyal Institution of Chartered Surveyors
245 _aRICS Home Surveys
_ba clear, impartial guide
_h[Electronic resource]
260 _aLondon,
_bRoyal Institution of Chartered Surveyors,
_c31 January 2022
300 _a16p.
490 _aRICS Consumer Guide
520 _aThe RICS home survey guide outlines what to expect from a home survey, their benefits and how to appoint a surveyor
650 _aHOME SURVEYS
650 _aRESIDENTIAL PROPERTY
651 _aUnited Kingdom
690 _96270
_aSurvey reports
710 _aRoyal Institution of Chartered Surveyors
856 _uhttps://www.ricsfirms.com/residential/moving-home/surveys/rics-consumer-guide-home-surveys/
_zAvailable free on RICS.org
942 _n0
999 _c121546
_d121546